Times por Escudo - 1. HNL 24/25 - Statistics

Estatísticas Gerais
  • Esse quiz foi jogado 16 vezes
  • A pontuação média é 4 de 10
Estatísticas das Respostas
Imagem Resposta % Correto
Dinamo de Zagreb
100%
Hajduk Split
56%
Rijeka
38%
HNK Gorica
31%
Lokomotiva Zagreb
31%
Osijek
31%
Varaždin
31%
Istra 1961
25%
Šibenik
25%
Slaven Belupo
25%
Nenhum quiz correspondente encontrado
Distribuição das Pontuações
Porcentagem de Pessoas com Cada Pontuação
Percentil de Números Respondidos
Sua Pontuação Histórica
Você não jogou esse quiz